Digital beamforming in wireless communications
Salvato in:
| Autori principali: | , |
|---|---|
| Natura: | Libro |
| Lingua: | inglese |
| Pubblicazione: |
Norwood
Artech House Publishers
1996
|
| Edizione: | 1a. ed |
| Serie: | Mobile Communications Serie
|
| Soggetti: | |
| Tags: |
Aggiungi Tag
Nessun Tag, puoi essere il primo ad aggiungerne!!
|
MARC
| LEADER | 00000cam a2200000 a 4500 | ||
|---|---|---|---|
| 001 | UCC6040 | ||
| 003 | CL-VaPUC | ||
| 008 | 181116e19960000us |||||||||||||||||eng|d | ||
| 020 | |a 0890067120 | ||
| 082 | 0 | 4 | |a 621.382 |b LIT |2 21 |
| 100 | |a Litva, John |e autor |9 600479 | ||
| 700 | 0 | |a Kwok-Yeung Lo, Titus |e author |9 600480 | |
| 245 | 1 | 0 | |a Digital beamforming in wireless communications |
| 250 | |a 1a. ed | ||
| 300 | |a 301 p | ||
| 942 | |c BK | ||
| 945 | |d 20181116 13:40:00 |a dcastane | ||
| 260 | |a Norwood |b Artech House Publishers |c 1996 | ||
| 650 | 0 | |a Telecomunicaciones |9 257195 | |
| 650 | 0 | |a Sistemas de comunicación |9 260934 | |
| 650 | 7 | |a SEÑAL DIGITAL |2 CL-VaPUC |9 436553 | |
| 650 | 0 | |a Comunicación digital |9 260754 | |
| 583 | |a last modification |c 20181116 13:40:00 |k Rodrigo Vera | ||
| 490 | 0 | |a Mobile Communications Serie | |
| 999 | |c 373108 |d 373106 | ||
| 952 | |0 0 |1 0 |3 erd |4 0 |6 621_382000000000000_LIT_1996 |7 0 |8 A |9 491051 |a BIBING |b BIBING |i 5514940 |o 621.382 LIT 1996 |p 5514940 |r 2025-01-20 |w 2019-11-24 |y BK |z Catalogado en:20181116 |k EIE | ||
| 952 | |0 0 |1 0 |3 erd |4 0 |6 621_382000000000000_LIT_1996 |7 0 |8 A |9 491052 |a BIBING |b BIBING |i 5514924 |o 621.382 LIT 1996 |p 5514924 |r 2025-01-20 |w 2019-11-24 |y BK |z Catalogado en:20181116 |k EIE | ||
| 952 | |0 0 |1 0 |3 erd |4 0 |6 621_382000000000000_LIT_1996 |7 0 |8 A |9 491053 |a BIBING |b BIBING |i 5514932 |o 621.382 LIT 1996 |p 5514932 |r 2025-01-20 |w 2019-11-24 |y BK |z Catalogado en:20181116 |k EIE | ||
| 952 | |0 0 |1 0 |3 erd |4 0 |6 621_382000000000000_LIT_1996 |7 0 |8 A |9 491054 |a BIBING |b BIBING |i 5514959 |o 621.382 LIT 1996 |p 5514959 |r 2025-01-20 |w 2019-11-24 |y BK |z Catalogado en:20181116 |k EIE | ||